200 suosituinta naisten nimeä alkukirjaimella A - Statistics

Yleistilastot
  • Tätä visaa on pelattu 820 kertaa
    112 viimeisimmän päivityksen jälkeen
  • Keskiarvotulos 75 / 200
Vastaustilastot
% Oikein
Ann
100%
Anni
100%
Annie
100%
Anne
97%
Anna
95%
Aada
89%
Ada
89%
Aliisa
88%
Alisa
88%
Anneli
88%
Annelie
88%
Aava
86%
Alli
86%
Aino
83%
Aliina
82%
Alina
82%
Aila
80%
Alma
80%
Ani
80%
Auli
80%
Ayla
80%
Aria
78%
Arja
78%
Asta
78%
Annu
76%
Aili
75%
Assi
75%
Aura
75%
Aini
74%
Anniina
74%
Annina
74%
Amal
72%
Amalia
72%
Annukka
72%
Amanda
71%
Auri
71%
Aurora
70%
Aune
68%
Aina
67%
Annikki
67%
Armi
67%
Aniitta
66%
Annica
66%
Annika
66%
Anu
66%
Anna-Liisa
64%
Anna-Lisa
64%
Aija
63%
Airi
63%
Anna-Mari
63%
Aya
63%
Aamu
62%
Aira
62%
Anna-Maija
62%
Ava
62%
Anita
61%
Adele
59%
Anja
58%
Anya
58%
Anne-Mari
55%
Anne-Marie
55%
Auni
55%
Amelia
53%
Aida
51%
Ami
51%
Ana
51%
Aulikki
51%
Aleksandra
50%
Alexandra
50%
Anna-Leena
49%
Anette
47%
Anna-Kaisa
47%
Anna-Maria
47%
Alissa
46%
Alla
46%
Alyssa
46%
Anitta
46%
Adalmiina
45%
Adalmina
45%
Alva
45%
Ansa
45%
Alice
42%
Alise
42%
Annele
42%
Agnes
38%
Arina
36%
Anelma
33%
Adeliina
32%
Adelina
32%
Anki
32%
Annastiina
32%
Anna-Stina
32%
Anni-Maria
32%
Anne-Maria
30%
Astrid
30%
Alena
29%
Amina
29%
Anna-Riitta
29%
Alaa
28%
Anna-Riikka
28%
Ann-Mari
28%
Ann-Marie
28%
Arla
28%
Aino-Maija
26%
Alex
26%
Amelie
26%
Amélie
26%
Anne-Maj
26%
Aino-Maria
25%
Amiira
25%
Amira
25%
Anastasia
25%
Anastasiia
25%
Anastasija
25%
Anastassia
25%
Anceliga
25%
Angelica
25%
Angelika
25%
Anitra
25%
Aicha
24%
Aisha
24%
Anne-Maija
24%
Aurelia
24%
Ariel
22%
Adelia
21%
Adessa
21%
Adina
21%
Aino-Kaisa
21%
Anri
21%
Ariana
21%
Arianna
21%
Angela
20%
Anna-Sofia
20%
Arja-Leena
20%
Arja-Liisa
20%
Aana
18%
Adela
18%
Adella
18%
Agneta
18%
Alicia
18%
Alisia
18%
Aivi
17%
Aleksiina
17%
Antonia
17%
Ainu
16%
Alexa
16%
Annikka
16%
Adeline
14%
Agata
14%
Alessia
14%
Annabel
14%
Aimi
13%
Annabella
13%
Abigail
12%
Adalia
12%
Alia
12%
Asma
12%
Asmaa
12%
Amy
11%
Anne-Maarit
11%
Annette
11%
Alba
9%
Antonina
9%
Albina
8%
Amilia
8%
Angelina
8%
Anika
8%
Adriana
7%
Alexia
7%
Aline
7%
Anisa
7%
Ann-Britt
7%
Aisla
5%
Alida
5%
Anna-Kaarina
5%
Alessa
4%
Andrea
4%
Anna-Elina
4%
Anna-Reetta
4%
Ann-Sofi
4%
Ann-Sofie
4%
Alinda
3%
Anna-Emilia
3%
Anne-Marja
3%
Ayaan
3%
Ayan
3%
Adanna
1%
Adna
1%
Anna-Kristiina
1%
Anna-Lena
1%
Ann-Christin
1%
Ann-Christine
1%
Ann-Kristin
1%
Ann-Louise
1%
Aylin
1%
Azra
1%
Alessandra
0%
Amani
0%
Ann-Charlotte
0%
Asha
0%
Ehtoja vastaavia visoja ei löytynyt
Tulosjakauma
Jokaisen tuloksen saaneiden osuus
Persentiili vastausten määrän mukaan
Tuloshistoriasi
Et ole pelannut tätä visaa sen viimeisimmän päivityksen jälkeen